[Event "Budapest Spring Festival 2019"]
[Site "Budapest"]
[Date "2019.04.15"]
[Round "7.33"]
[White "Lizak, Peter"]
[Black "Pratyusha, Bodda"]
[Result "0-1"]
[WhiteElo "2472"]
[BlackElo "2277"]
[Annotator "TA"]
[PlyCount "74"]
[EventDate "2019.04.09"]
[EventType "swiss"]
[EventCountry "HUN"]
[SourceTitle "playchess.com"]
[Source "ChessBase"]
[SourceQuality "1"]

{[%evp 12,74,35,42,36,30,54,10,10,0,25,20,23,23,35,8,10,10,60,19,29,29,24,0,0,0,0,0,0,0,-2,-43,0,0,0,0,0,0,-5,-5,-5,-6,-11,-77,-23,-29,-52,-132,-131,-126,-144,-325,-324,-368,-63,-541,-535,-29993,-29994,-29995,-29996,-29996,-29997,-29997,-29998]} 1. d4 d5 2. Bf4 Nf6 3. Nf3 c5 4. e3 Nc6 5. Nbd2 cxd4 6. exd4 Bg4 7. c3 e6 {B13: Caro-Kann: Exchange Variation and Panov-Botvinnik Attack} 8. Qb3 (8. Bd3 Be7 9. O-O Bh5 10. a4 O-O 11. Qb3 Na5 12. Qc2 Bg6 13. b4 Bxd3 14. Qxd3 Nc6 15. a5 a6 16. Bg5 {1-0 (55) Maghsoodloo,P (2688)-Zubov,A (2597) St Petersburg 2018}) 8... Bd6 9. Bxd6 Qxd6 {The position is equal.} 10. Bd3 Qc7 11. O-O O-O 12. Rfe1 Rab8 13. a4 $146 ({Predecessor:} 13. Rac1 b5 14. Qc2 a6 15. Ne5 h6 16. Nf1 Nxe5 17. Rxe5 Nd7 {1-0 (43) Bilyak,A-Rzayev,M Kislovodsk 2010}) 13... a6 14. Ne5 b5 15. Qc2 g6 16. Nb3 Nxe5 17. Rxe5 (17. dxe5 {looks sharper.} Nd7 18. axb5 axb5 19. h3 Bf5 20. Bxf5 gxf5 21. Qd2) 17... Nd7 18. Re3 Bf5 19. Bxf5 exf5 20. a5 b4 21. Qd2 f4 22. Rf3 Qc4 23. cxb4 Rxb4 24. Rc1 Qb5 25. Rcc3 Re8 $36 {[%mdl 2048] Black is pushing.} 26. h4 Re4 27. Rfd3 {[#]} (27. Rc7 $11 {remains equal.}) 27... Qb8 (27... Nf6 $1 $17) 28. Qc1 $11 Kg7 29. Rc8 {[#]} (29. h5 $15) 29... Qb5 $1 $17 {[%cal Rb5d3]} 30. Rcc3 Nf6 31. f3 $2 (31. Nd2 $17) 31... Re2 $19 32. Qxf4 Rxb2 $2 ({Black should try} 32... Rc4 $19 33. Kh2 Qb4) 33. Nc5 $2 {[%mdl 8192]} (33. h5 $1 $15 Nxh5 34. Qe5+ Nf6 35. Nc5) 33... Re2 {Strongly threatening ...Rb1+.} 34. Re3 {aiming for Ne6+!} Rb1+ {Black mates.} 35. Kh2 {[#]} Rxg2+ $1 {[%mdl 512]} 36. Kxg2 Qf1+ 37. Kg3 Nh5+ {[%mdl 64] Double Attack. Accuracy: White = 42%, Black = 55%.} 0-1

[Event "Budapest Spring Festival 2019"]
[Site "Budapest"]
[Date "2019.04.15"]
[Round "7.34"]
[White "Shagbazyan, Taron"]
[Black "Balogh, David"]
[Result "0-1"]
[WhiteElo "2429"]
[BlackElo "2264"]
[Annotator "TA"]
[PlyCount "103"]
[EventDate "2019.04.09"]
[EventType "swiss"]
[EventCountry "HUN"]
[SourceTitle "playchess.com"]
[Source "ChessBase"]
[SourceQuality "1"]

{[%evp 10,103,56,55,51,48,61,60,60,30,34,40,54,58,62,55,73,62,69,6,66,68,63,37,68,36,60,12,27,9,23,24,12,-26,-20,-25,-34,-20,-24,-8,-13,-88,-91,-82,-84,-104,-104,-96,-96,-112,-53,-56,-43,-52,-25,-46,-53,-111,-80,-114,-114,-273,-272,-269,-270,-313,-252,-643,-221,-642,-639,-621,-603,-658,-619,-799,-795,-787,-772,-730,-716,-1145,-1210,-2876,-3850,-2218,-1672,-6428,-6005,-29958,-29936,-29992,-29993,-29997,-29998,-29998]} 1. d4 g6 2. c4 Bg7 3. g3 c5 (3... Nf6 4. Bg2 d5 5. cxd5 Nxd5 6. Nf3 c5 7. e4 Nf6 8. e5 Nfd7 9. e6 fxe6 10. Ng5 Nf6 11. dxc5 Qxd1+ 12. Kxd1 O-O 13. Ke2 Na6 14. Nc3 {½-½ (27) Ding,L (2777)-Li,C (2732) Riadh 2017}) 4. d5 f5 5. Bg2 d6 6. Nh3 {LiveBook: 7 Games. A40: Unusual replies to 1 d4} Nd7 {[%cal Bb8d7,Bd7e5,Be5g4][%mdl 32]} 7. O-O Ngf6 8. Qc2 {White is slightly better.} O-O 9. Ng5 $146 {aiming for Ne6.} ({Predecessor:} 9. b3 Rb8 10. Bb2 b5 11. cxb5 Rxb5 {½-½ (32) Pacan Milej,K (2281)-Kravec,P (2101) Krakow 2017}) 9... Ne5 10. f4 Neg4 11. h3 Nh6 12. Nc3 Rb8 13. a4 a6 14. Be3 (14. e4 $14) 14... Qa5 (14... Qe8 $11) 15. Bd2 Qc7 16. Rad1 Kh8 17. Bc1 Bd7 18. e3 Qc8 19. Rfe1 Nf7 20. Nxf7+ Rxf7 21. Kh2 b5 22. axb5 axb5 23. cxb5 Bxb5 24. Nxb5 Rxb5 25. e4 (25. Re2 $11 {remains equal.}) 25... Nxe4 $17 26. Bxe4 fxe4 27. Rxe4 Qb7 28. Re2 Kg8 29. h4 Rb3 (29... Rb4 $17 30. Ree1 Bh8) 30. Rd3 $15 Rxd3 31. Qxd3 Qd7 32. Re6 Rf6 33. Qe2 (33. Re2 $15) 33... Kf7 {[%cal Rf6e6]} (33... Rxe6 {looks sharper.} 34. dxe6 Qa4 35. h5 Qd4 36. Qb5 Qf6) 34. Rxf6+ Bxf6 ({Of course not} 34... exf6 $6 35. Bd2 $11) 35. h5 $2 {[#]} (35. g4 $17) 35... Qf5 $1 $19 {[%csl LRd5,LRh5]} 36. hxg6+ hxg6 37. Qc4 Bd4 38. b3 $2 (38. Qe2) 38... Qh5+ 39. Kg2 Qd1 40. Qf1 Qxb3 41. g4 Qxd5+ 42. Kh3 Qb3+ 43. Kh4 Qc2 {[#] ( -> ...Qh2+)} 44. Kg3 d5 45. f5 gxf5 46. gxf5 Be5+ 47. Kg4 Qe4+ 48. Kh5 c4 49. Bg5 Bf6 {Black mates.} 50. Kh6 Qg4 51. Bxf6 exf6 {[%cal Rg4h4]} 52. Qd1 {Precision: White = 30%, Black = 62%.} 0-1

[Event "Budapest Spring Festival 2019"]
[Site "Budapest"]
[Date "2019.04.15"]
[Round "7.35"]
[White "Popovics, Adam"]
[Black "Louis, Thibault"]
[Result "1/2-1/2"]
[WhiteElo "2375"]
[BlackElo "2251"]
[Annotator "NA"]
[PlyCount "49"]
[EventDate "2019.04.09"]
[EventType "swiss"]
[EventCountry "HUN"]
[SourceTitle "playchess.com"]
[Source "ChessBase"]
[SourceQuality "1"]
[TimeControl "40/5400+30:1800+30"]

1. c4 {[%emt 0:00:03]} e5 {[%emt 0:05:04]} 2. Nc3 {[%emt 0:00:05]} Nf6 {[%emt 0:00:09]} 3. g3 {[%emt 0:00:06]} c6 {[%emt 0:00:06]} 4. Nf3 {[%emt 0:00:06]} e4 {[%emt 0:01:03]} 5. Nd4 {[%emt 0:00:05]} d5 {[%emt 0:06:51]} 6. cxd5 {[%emt 0:00:07]} cxd5 {[%emt 0:00:23]} 7. d3 {[%emt 0:00:48]} Bc5 {[%emt 0:05:29]} 8. Nb3 {[%emt 0:03:04]} Bb4 {[%emt 0:02:08]} 9. a3 {[%emt 0:07:58]} Bxc3+ {[%emt 0:01:31]} 10. bxc3 {[%emt 0:00:05]} exd3 {[%emt 0:00:58]} 11. Qxd3 {[%emt 0:00:51]} O-O {[%emt 0:00:21]} 12. Bg2 {[%emt 0:00:16]} Nc6 {[%emt 0:00:09]} 13. O-O {[%emt 0:03:50]} Re8 {[%emt 0:02:03]} 14. Bg5 {[%emt 0:09:12]} Bg4 {[%emt 0:03:41]} 15. Rfe1 {[%emt 0:04:28]} h6 {[%emt 0:08:31]} 16. Bf4 {[%emt 0:02:49]} Qe7 {[%emt 0:03:42]} 17. Nd4 {[%emt 0:01:00]} Rac8 {[%emt 0:03:47]} 18. h3 {[%emt 0:07:02]} Bd7 {[%emt 0:02:05]} 19. Nxc6 {[%emt 0:20:36]} Bxc6 {[%emt 0:01:37]} 20. Qd4 {[%emt 0:00:23]} a6 {[%emt 0:05:19]} 21. a4 {[%emt 0:02:05]} Ne4 {[%emt 0:00:25]} 22. a5 {[%emt 0:08:39]} Nc5 {[%emt 0:06:24]} 23. Qb4 {[%emt 0:00:48]} Ne4 {[%emt 0:00:57]} 24. Qd4 {[%emt 0:04:52]} Nc5 {[%emt 0:00:08]} 25. Qb4 {[%emt 0:00:23]} 1/2-1/2

[Event "Budapest Spring Festival 2019"]
[Site "Budapest"]
[Date "2019.04.15"]
[Round "7.36"]
[White "Parkhov, Yair"]
[Black "Bhambure, Shantanu"]
[Result "1-0"]
[WhiteElo "2352"]
[BlackElo "2261"]
[Annotator "TA"]
[PlyCount "103"]
[EventDate "2019.04.09"]
[EventType "swiss"]
[EventCountry "HUN"]
[SourceTitle "playchess.com"]
[Source "ChessBase"]
[SourceQuality "1"]

{[%evp 13,103,-4,2,3,18,8,12,14,51,45,47,44,68,65,61,60,145,77,122,129,126,95,99,112,145,107,122,135,106,80,104,71,84,43,83,80,115,106,152,96,138,60,43,63,143,115,280,207,218,183,232,237,256,191,197,161,387,379,380,380,397,392,402,410,968,949,1196,763,2781,956,1304,351,1985,1875,1584,440,2588,2229,5285,872,29976,6287,29981,29982,29977,29983,29982,29979,29978,29976,5129,5126]} 1. d4 Nf6 2. Nf3 e6 3. Bf4 c5 4. e3 Nc6 5. Nbd2 d5 6. c3 Bd6 7. Bg3 O-O 8. Bb5 {D02: 1 d4 d5 2 Nf3 sidelines, including 2...Nf6 3 g3 and 2...Nf6 3 Bf4} a6 (8... cxd4 9. exd4 Ne7 10. Bd3 Ng6 11. O-O Bxg3 12. fxg3 b5 13. Qe2 Qb6 14. Ng5 b4 15. Ndf3 h6 {½-½ (34) Naroditsky,D (2616)-Mamedyarov,S (2817) chess.com INT 2019}) 9. Bxc6 bxc6 10. Qa4 {The position is equal.} Bxg3 11. hxg3 Qb6 12. Qc2 Rb8 13. b3 {[#]} h6 $146 ({Predecessor:} 13... g6 14. Ne5 a5 15. g4 a4 {½-½ (56) Ovod,E (2364)-Rausis,I (2632) Katowice 2017}) 14. Ne5 Bb7 {[#]} ({Black should try} 14... Nd7 $14) 15. Rc1 (15. g4 $142 $1 {[%cal Rg4g5]} Qd8 16. dxc5) 15... Rbc8 16. g4 cxd4 17. cxd4 {Black must now prevent g5!} c5 18. dxc5 Qc7 19. Qb2 d4 20. exd4 {Hoping for g5!} ({But not} 20. Qxd4 $6 Bxg2 21. Rg1 Rfd8 $14) 20... Bxg2 21. Rg1 Bd5 22. Qc3 Nd7 23. Qg3 Nxe5 24. Qxe5 Qe7 25. Qe3 f5 26. Ke2 ({White should play} 26. Nc4) 26... Qh4 27. Qg3 (27. Nf3 $16 Bxf3+ 28. Qxf3) 27... Qf6 $14 28. Qe5 Qf7 ({Better is} 28... Qxe5+ $14 29. dxe5 g5) 29. f4 g6 $2 (29... fxg4 $16 {was necessary.} 30. Rxg4 Qb7) 30. Rc3 Kh7 31. Rh3 fxg4 32. Rxg4 {Intending Rxh6+! and mate.} Qf6 33. Nf3 $40 {[%mdl 128] White is out for blood.} Bxf3+ 34. Rxf3 ({Inferior is} 34. Kxf3 Qxe5 35. dxe5 Rxc5 $11) 34... Qxe5+ $2 (34... Qe7 35. Qe4 Rf5) 35. fxe5 $18 Rxf3 36. Kxf3 {[%mdl 4096] Endgame KR-KR} g5 37. Rg1 Kg6 38. Ke4 Rf8 (38... h5 $142 39. a4 a5) 39. c6 h5 40. c7 g4 41. Rc1 (41. d5 $142 exd5+ 42. Kxd5) 41... Rc8 42. Kf4 $2 (42. b4 g3 43. Kf3) 42... Rf8+ $2 (42... Kf7 43. Kg5 g3) 43. Kg3 Rc8 44. Kh4 (44. b4 $142 {And now a4 would win.} Kf5 45. a4 h4+ 46. Kxh4) 44... Kf5 (44... Kf7 $142 45. Rc3 a5 46. Kxh5 g3 47. Rf3+ Ke8 48. Rxg3 Rxc7 49. Rg8+ Kf7) 45. b4 Kf4 46. a4 {[%cal Ba2a4,Ba4b5,Bb5b6][%mdl 32]} Kf3 47. b5 axb5 48. axb5 g3 49. b6 g2 50. Rc3+ Kf2 51. Rc2+ Kf3 {[#]} 52. Rxg2 $1 {[%mdl 576] Promotion. Accuracy: White = 68%, Black = 19%.} 1-0

[Event "Budapest Spring Festival 2019"]
[Site "Budapest"]
[Date "2019.04.15"]
[Round "7.37"]
[White "Abhilash, Reddy M.L."]
[Black "Saravanan, V.."]
[Result "1/2-1/2"]
[WhiteElo "2252"]
[BlackElo "2335"]
[Annotator "TA"]
[PlyCount "160"]
[EventDate "2019.04.09"]
[EventType "swiss"]
[EventCountry "HUN"]
[SourceTitle "playchess.com"]
[Source "ChessBase"]
[SourceQuality "1"]

{[%evp 9,160,29,39,10,39,43,66,64,121,93,127,120,114,100,120,100,95,100,112,110,124,70,137,22,133,143,158,172,167,164,147,147,133,36,35,41,33,0,102,106,235,68,299,291,298,294,300,300,278,276,267,242,276,289,295,308,285,193,195,173,186,165,335,359,348,207,164,0,341,372,363,375,334,306,385,302,308,289,297,0,0,0,0,0,0,0,0,0,0,0,0,0,0,0,0,0,0,0,0,0,0,0,0,0,0,0,0,0,0,0,0,0,0,0,8,0,0,0,0,0,0,0,0,0,0,0,0,0,0,0,0,0,0,0,0,0,0,0,0,-8,-8,-8,-8,-8,-8,-8,-8,-8,-8,-8,-8,-8,-8]} 1. d4 Nf6 2. Bg5 c5 3. d5 d6 4. Nc3 g6 5. e4 Bg7 6. Qd2 {A43: Schmid Benoni} O-O 7. Bh6 Na6 $146 ({Predecessor:} 7... Bxh6 8. Qxh6 Qa5 9. O-O-O b5 10. Bxb5 Ba6 11. a4 {1-0 (11) Ponomariov,R (2744)-Movsesian,S (2721) Moscow 2010}) 8. h4 {White is slightly better.} Nc7 ({Black should play} 8... Bxh6 $14 9. Qxh6 Bd7) 9. h5 b5 10. hxg6 fxg6 11. Bxg7 Kxg7 12. Qh6+ Kg8 13. Nf3 Rf7 14. Ng5 Rg7 15. Be2 (15. Bxb5 Nxb5 16. Nxb5 Qb6 $15) (15. f3 $16) 15... Rb8 ({Black should try} 15... b4 $14) 16. Rh4 (16. f4 $16) 16... e6 (16... b4 $11 {remains equal.} 17. Nd1 e6) 17. dxe6 $1 $16 Nxe6 18. Bxb5 Rxb5 19. Nxb5 $40 {[%mdl 128] Black must now prevent Nxe6. White is out for blood.} Qb6 20. Nxe6 Bxe6 21. Qf4 (21. c4 $16 Bxc4 22. Nc3) 21... Ne8 $14 22. Nxd6 $1 ({Don't go for} 22. a4 $2 g5 $19) 22... Nxd6 23. Qf6 (23. O-O-O $5 {[%cal Rd1d6]} Nb5 24. Qe5 $16) 23... Nf7 (23... Nb5 $11 {keeps the balance.} 24. O-O-O Nd4) 24. O-O-O $16 g5 {[#]} (24... h6 $16 {was called for.}) 25. Rhh1 $2 (25. Rh6 $1 $18 {[%mdl 512]} Rg6 (25... Nxh6 26. Rd8+) 26. Rxg6+ hxg6 27. Qxg6+ Kf8 28. b3) 25... Qa6 $2 {[#]} (25... Rg6 $14 26. Qe7 h6) 26. Rh6 $1 $18 {[%mdl 512] Rd8+! would kill now.} Rg6 (26... Nxh6 27. Rd8#) 27. Rxg6+ hxg6 28. Qxg6+ Kf8 29. Qf6 {[%csl Gf6][%cal Rd1d8]} Ke8 30. a3 Qc4 31. Rd3 a5 32. f3 a4 33. g3 g4 34. Qf4 gxf3 35. Rxf3 Qa2 $2 (35... Qb5 36. g4 Qe2) 36. Qb8+ Ke7 37. Qc7+ (37. Qa7+ $142 Ke8 38. Qxa4+ Kf8 39. Qa6) 37... Ke8 38. Qb8+ $2 (38. Qc6+ Bd7 39. Qg6 (39. Qxc5 Qa1+ 40. Kd2 Qxb2 $18)) 38... Ke7 $1 39. Qa7+ Ke8 40. Qxa4+ Kf8 41. Qb5 Qa1+ 42. Kd2 Qg1 43. Qd3 Ke8 44. Qe3 $2 (44. Rf1 $18 Qg2+ 45. Kc1) 44... Ne5 $11 {The position is equal.} 45. b3 {Hoping for Rf4.} ({But not} 45. Rf8+ $2 Kxf8 46. Qxg1 Nf3+ 47. Ke3 Nxg1 $19) 45... Nxf3+ 46. Qxf3 c4 47. bxc4 Bxc4 48. Qh5+ Kd7 49. Kc3 Be6 50. Qb5+ Ke7 51. Qb4+ Kf7 52. Qd6 Qe3+ 53. Kb2 Qe2 54. Qc7+ Kf6 55. Qf4+ Ke7 56. e5 Ke8 57. a4 Qa6 58. Qb4 Bd7 59. a5 Bc8 60. Qc5 Qe6 61. Qc7 Ba6 62. g4 {[%mdl 64] Deflection} Qxg4 63. Qc6+ {[%mdl 64] Double Attack} Kd8 {Threatens to win with ...Qb4+.} 64. Qb6+ Ke8 65. Qc6+ Kd8 66. Qd6+ Ke8 $1 67. e6 {Threatening mate with Qd7+.} Bc8 68. Qc6+ {[%mdl 64] Double Attack} Kd8 69. Qb6+ Ke8 70. Qb5+ Kd8 71. Qb6+ Ke8 72. Qc6+ Kd8 73. Qd6+ Ke8 74. a6 Qxe6 75. Qxe6+ Bxe6 {KB-KPP} 76. Kc3 Kd7 {aiming for ...Kc6.} 77. a7 Bd5 78. Kd4 Ba8 {And now ...Kc6 would win.} 79. c4 Kc6 {Strongly threatening ...Kb7.} 80. Ke5 Kb7 {Accuracy: White = 58%, Black = 51%.} 1/2-1/2

[Event "Budapest Spring Festival 2019"]
[Site "Budapest"]
[Date "2019.04.15"]
[Round "7.38"]
[White "Terbe, Julianna"]
[Black "Kulkarni, Rakesh"]
[Result "1/2-1/2"]
[WhiteElo "2265"]
[BlackElo "2334"]
[Annotator "NA"]
[PlyCount "61"]
[EventDate "2019.04.09"]
[EventType "swiss"]
[EventCountry "HUN"]
[SourceTitle "playchess.com"]
[Source "ChessBase"]
[SourceQuality "1"]
[TimeControl "40/5400+30:1800+30"]

1. Nf3 {[%emt 0:00:03]} Nf6 {[%emt 0:03:32]} 2. g3 {[%emt 0:00:04]} d5 {[%emt 0:00:12]} 3. d4 {[%emt 0:00:07]} Bf5 {[%emt 0:01:56]} 4. c4 {[%emt 0:00:12]} c6 {[%emt 0:02:01]} 5. Nc3 {[%emt 0:00:58]} dxc4 {[%emt 0:01:32]} 6. Ne5 {[%emt 0:01:03]} e6 {[%emt 0:02:12]} 7. Nxc4 {[%emt 0:06:32]} Nbd7 {[%emt 0:17:12]} 8. Bg2 {[%emt 0:03:19]} Nb6 {[%emt 0:02:57]} 9. Ne5 {[%emt 0:05:57]} Nbd5 {[%emt 0:02:24]} 10. O-O {[%emt 0:02:10]} Bd6 {[%emt 0:03:18]} 11. Qb3 {[%emt 0:10:11]} Qc7 {[%emt 0:05:56]} 12. Nc4 {[%emt 0:07:13]} Be7 {[%emt 0:00:28]} 13. Re1 {[%emt 0:00:42]} Nxc3 {[%emt 0:10:32]} 14. bxc3 {[%emt 0:00:37]} Be4 {[%emt 0:00:05]} 15. Bf4 {[%emt 0:01:51]} Qc8 {[%emt 0:00:07]} 16. Bxe4 {[%emt 0:05:27]} Nxe4 {[%emt 0:00:11]} 17. f3 {[%emt 0:00:06]} Nf6 {[%emt 0:02:48]} 18. Nd6+ {[%emt 0:00:16]} Bxd6 {[%emt 0:00:06]} 19. Bxd6 {[%emt 0:00:03]} Qd7 {[%emt 0:01:30]} 20. Qa3 {[%emt 0:03:34]} Nd5 {[%emt 0:04:16]} 21. c4 {[%emt 0:06:32]} Ne3 {[%emt 0:04:33]} 22. Qxe3 {[%emt 0:05:20]} Qxd6 {[%emt 0:00:07]} 23. Rab1 {[%emt 0:00:59]} Qd7 {[%emt 0:01:42]} 24. d5 {[%emt 0:05:23]} cxd5 {[%emt 0:00:38]} 25. cxd5 {[%emt 0:00:04]} Qxd5 {[%emt 0:00:26]} 26. Red1 {[%emt 0:01:36]} Qa5 {[%emt 0:08:35]} 27. Rxb7 {[%emt 0:04:40]} O-O {[%emt 0:00:08]} 28. Rdd7 {[%emt 0:01:08]} Qxa2 {[%emt 0:00:34]} 29. Rxa7 {[%emt 0:01:14]} Rxa7 {[%emt 0:00:06]} 30. Rxa7 {[%emt 0:00:07]} Qd5 {[%emt 0:00:11]} 31. Kg2 {[%emt 0:02:16]} 1/2-1/2

[Event "Budapest Spring Festival 2019"]
[Site "Budapest"]
[Date "2019.04.15"]
[Round "7.39"]
[White "Vegh, Endre"]
[Black "Popovic, Milan S"]
[Result "1-0"]
[WhiteElo "2240"]
[BlackElo "2332"]
[Annotator "TA"]
[PlyCount "121"]
[EventDate "2019.04.09"]
[EventType "swiss"]
[EventCountry "HUN"]
[SourceTitle "playchess.com"]
[Source "ChessBase"]
[SourceQuality "1"]

{[%evp 16,121,19,20,44,33,84,84,87,67,74,64,75,65,61,54,56,48,50,33,61,55,67,41,41,32,45,29,40,0,0,-54,-50,-51,0,-72,-56,-139,-148,-161,-149,-200,-163,-204,-199,-194,-147,-143,-137,-137,-109,-302,-64,-81,-54,-194,-88,-193,-164,-185,-186,-216,-208,-221,-219,-228,-232,-395,-379,-341,-327,-428,-366,-372,-359,-369,-376,-361,-374,-358,-356,-350,-350,-339,-331,-325,-322,-336,-81,-105,-121,-149,0,0,0,0,2843,2273,5089,5065,5057,4134,29980,29981,29981,29980,29975,29973]} 1. d4 d6 2. c4 Nf6 3. Nc3 g6 4. e4 Bg7 5. f4 O-O 6. Nf3 Na6 7. Bd3 e5 8. fxe5 dxe5 9. d5 (9. Nxe5 Qxd4 10. Nf3 Qb6 $17) 9... Ne8 {E76: King's Indian: Four Pawns Attack: Lines specific to 6 Nf3 move-order} 10. O-O c5 (10... f5 $14) 11. Bg5 f6 {White is better.} 12. Bh4 Nd6 13. a3 Qe7 14. Rb1 {[#]} Bh6 $146 ({Predecessor:} 14... Bd7 15. Kh1 b6 16. Qe2 Rac8 17. Bc2 {1-0 (79) Swapnil,S (2450)-Kovalev,V (2531) Kolkata 2015}) 15. Qe2 Bd7 16. Kh1 b6 17. b4 Kh8 18. Bg3 Rae8 19. b5 Nc7 {[%cal Ba6c7,Bc7e8,Be8d6][%mdl 32]} 20. a4 Nb7 21. Bc2 Rd8 22. Rf2 Ne8 23. Bh4 (23. Nd2 $11) 23... Ned6 $15 24. Bd3 Na5 (24... Rde8 $15) 25. Na2 (25. Rff1 $11 {keeps the balance.}) 25... Rde8 $17 26. Qc2 (26. Rff1 $15) 26... Qg7 27. Re1 f5 28. Bg5 (28. exf5 $17 gxf5 29. Bg3) 28... fxe4 29. Bxh6 Qxh6 30. Bxe4 Qg7 (30... Ndxc4 31. Bd3 $17) 31. Nc3 Naxc4 32. Bd3 {and if Bxc4 works, White does fine.} Na5 33. Nxe5 $2 (33. Ne4 $17 {keeps fighting.} Nxe4 34. Bxe4) 33... Rxf2 $2 ({Better is} 33... c4 $1 $19 34. Bxg6 (34. Rxf8+ $2 Rxf8 35. Nc6 cxd3 $19) 34... Rxf2 35. Qxf2 hxg6 36. Nxd7 Qxd7) 34. Qxf2 $15 Bf5 ({But not} 34... Rxe5 $2 35. Rxe5 Bf5 36. Qf4 $18 (36. Rxf5 Nxf5 37. Ne2 Nd6 $11)) 35. Bxf5 (35. g4 $1 $15) 35... Rxe5 (35... gxf5 $19 {has better winning chances.} 36. Qg3 Qxg3 37. hxg3 Kg7) 36. Rxe5 (36. Bd3 $17 Kg8 37. Qg3 Rxe1+ 38. Qxe1) 36... Qxe5 $19 {[%mdl 64] Double Attack} 37. Be6 {[%cal Rf2f8]} Kg7 38. Ne2 Nac4 39. h3 Nd2 40. Ng3 Nb3 41. Qf3 $2 (41. Ne2) 41... Nd4 42. Qc3 Kf6 43. Bg8 N4f5 44. Ne2 Qxc3 45. Nxc3 {[%mdl 4096] Endgame KBN-KNN} Ne7 46. Be6 Ke5 47. Kg1 Kd4 48. Ne2+ Kd3 49. Kf2 Kd2 50. Kf3 h6 51. Ng3 {Strongly threatening Ne4+.} Kd3 $2 (51... c4 $1 $19 {aiming for ...c3.} 52. Ne4+ {[%mdl 64] Double Attack} Kd3) 52. Kf4 $17 {Ke5 would now be nice for White.} c4 $1 {[%cal Rc4c3] Hoping for ...c3.} 53. Ke5 Nec8 ({Black should try} 53... c3 $17 54. Kxd6 Nc8+ $1 {[%mdl 576] Promotion} 55. Bxc8 c2) 54. Bxc8 $1 $11 Nxc8 {KN-KN} 55. Ne4 c3 $2 {[%mdl 8192] [#]} (55... g5 $11) 56. Nxc3 $1 $18 {[%mdl 512]} Kxc3 {[#]} 57. Ke6 $1 {[%cal Re6d7]} Kc4 {[#]} 58. Kd7 $1 {[%cal Rd7c8]} a5 59. Kxc8 {White mates.} Kxd5 60. Kc7 Kc5 61. Kb7 {Accuracy: White = 31%, Black = 57%.} 1-0

[Event "Budapest Spring Festival 2019"]
[Site "Budapest"]
[Date "2019.04.15"]
[Round "7.40"]
[White "Bodi, Tibor"]
[Black "Skomorokhin, Roman"]
[Result "1-0"]
[WhiteElo "2240"]
[BlackElo "2318"]
[Annotator "NA RC"]
[PlyCount "95"]
[EventDate "2019.04.09"]
[EventType "swiss"]
[EventCountry "HUN"]
[SourceTitle "playchess.com"]
[Source "ChessBase"]
[SourceQuality "1"]
[TimeControl "40/5400+30:1800+30"]

1. Nf3 {[%emt 0:00:07]} Nf6 {[%emt 0:03:48]} 2. b3 {[%emt 0:00:11]} c5 {[%emt 0:03:09]} 3. Bb2 {[%emt 0:00:06]} d6 {[%emt 0:02:37]} 4. e3 {[%emt 0:00:31]} e5 {[%emt 0:04:58]} 5. Bb5+ {[%emt 0:03:44]} Nbd7 {[%emt 0:06:41]} 6. O-O {[%emt 0:10:25]} a6 {[%emt 0:01:54]} 7. Be2 {[%emt 0:06:00]} Be7 {[%emt 0:00:30]} 8. d4 {[%emt 0:02:23]} cxd4 {[%emt 0:02:42]} 9. exd4 {[%emt 0:00:06]} e4 {[%emt 0:00:11]} 10. Nfd2 {[%emt 0:00:19]} d5 {[%emt 0:01:19]} 11. c4 {[%emt 0:00:19]} O-O {[%emt 0:01:38]} 12. Nc3 {[%emt 0:00:35]} Re8 {[%emt 0:01:17]} 13. Re1 {[%emt 0:02:22]} Bb4 {[%emt 0:02:37]} 14. Nf1 {[%emt 0:03:21]} Nf8 {[%emt 0:07:07]} 15. Ne3 {[%emt 0:03:05]} Be6 {[%emt 0:11:02]} 16. a3 {[%emt 0:01:18]} Bxc3 {[%emt 0:02:37]} 17. Bxc3 {[%emt 0:00:02]} Ng6 {[%emt 0:01:22]} 18. c5 {[%emt 0:00:58]} Nd7 {[%emt 0:10:31]} 19. g3 {[%emt 0:04:59]} f5 {[%emt 0:02:36]} 20. Ng2 {[%emt 0:24:56]} f4 {[%emt 0:06:13]} 21. gxf4 {[%emt 0:05:15]} Bh3 {[%emt 0:01:42]} 22. Bf1 {[%emt 0:13:56]} Bxg2 {[%emt 0:05:11]} 23. Bxg2 {[%emt 0:00:29]} Nxf4 {[%emt 0:01:37]} 24. Bd2 {[%emt 0:00:30]} Qg5 {[%emt 0:01:38]} 25. Bxf4 {[%emt 0:00:16]} Qxf4 {[%emt 0:00:05]} 26. Qc1 {[%emt 0:02:56]} Qf6 {[%emt 0:02:16]} 27. Qe3 {[%emt 0:00:19]} Nf8 {[%emt 0:00:20]} 28. f3 {[%emt 0:02:14]} Rad8 {[%emt 0:05:57]} 29. fxe4 {[%emt 0:00:32]} dxe4 {[%emt 0:00:05]} 30. Rad1 {[%emt 0:01:15]} Ne6 {[%emt 0:03:19]} 31. Qxe4 {[%emt 0:01:50]} Nf4 {[%emt 0:02:30]} 32. Qxe8+ {[%emt 0:02:33]} Rxe8 {[%emt 0:00:05]} 33. Rxe8+ {[%emt 0:00:03]} Kf7 {[%emt 0:00:03]} 34. Re4 {[%emt 0:00:48]} g5 {[%emt 0:01:27]} 35. Rde1 {[%emt 0:02:16]} Kg6 {[%emt 0:00:54]} 36. Re5 {[%emt 0:03:26]} Kh5 {[%emt 0:02:25]} 37. Bxb7 {[%emt 0:01:22]} Kh4 {[%emt 0:02:27]} 38. Bg2 {[%emt 0:00:49]} Qg6 {[%emt 0:01:04]} 39. R5e4 {[%emt 0:00:30]} Qf5 {[%emt 0:00:42]} 40. R1e3 {[%emt 0:00:00]} g4 {[%emt 0:00:00]} 41. Bf1 {[%emt 0:09:08]} Qf6 {[%emt 0:04:12]} 42. b4 {[%emt 0:08:18]} h5 {[%emt 0:07:57]} 43. c6 {[%emt 0:02:12]} Qd6 {[%emt 0:03:05]} 44. a4 {[%emt 0:01:27]} Nd5 {[%emt 0:06:07]} 45. Rh3+ {[%emt 0:04:24]} Kg5 {[%emt 0:00:07]} 46. Re5+ {[%emt 0:00:06]} Kf4 {[%emt 0:01:46]} 47. Rhxh5 {[%emt 0:00:14]} Ne3 {[%emt 0:01:11]} 48. Bg2 {[%emt 0:01:02]} 1-0